Dilemma- Green Day - Statistics

General Stats
  • This quiz has been taken 24 times
  • The average score is 134 of 166
Answer Stats
Answer % Correct
a
100%
I
100%
an
91%
And
91%
and
91%
around
91%
dilemma
91%
getting
91%
in
91%
invitation
91%
It's
91%
it's
91%
my
91%
not
91%
problems
91%
Sit
91%
to
91%
weirder
91%
Welcome
91%
again
82%
be
82%
dead
82%
disappear
82%
don't
82%
dreams
82%
drunk
82%
go
82%
I'm
82%
is
82%
man
82%
now
82%
rehab
82%
sober,
82%
Strange
82%
This
82%
walking
82%
walking x2
82%
wanna
82%
was
82%
When
82%
Where
82%
are
73%
days
73%
drink
73%
Feeling
73%
here
73%
just
73%
lab
73%
like
73%
love
73%
nightmare
73%
obsession
73%
poison
73%
rat
73%
the
73%
trouble
73%
all
64%
you?
64%
You,
64%
Oh,
55%
why
55%
why?
55%
asleep
45%
fall
45%
For
45%
Here's
45%
On
45%
on
45%
tonight
45%
yeah
45%
wing
27%
despair
18%
prayer
18%
No matching quizzes found
Score Distribution
Percent of People with Each Score
Percentile by Number Answered
Your Score History
You have not taken this quiz